5 Biggest Cities in U.S. States that start with letters H - L - Statistics

General Stats
  • This quiz has been taken 157 times
  • The average score is 19 of 40
Answer Stats
Hint Answer % Correct
Hawaii Honolulu
98%
Indiana Indianapolis
91%
Illinois Chicago
90%
Louisiana New Orleans
89%
Kentucky Louisville / Jefferson county
88%
Idaho Boise
85%
Kansas Kansas City
84%
Louisiana Baton Rouge
83%
Iowa Des Moines
83%
Kentucky Lexington-Fayette
70%
Kansas Topeka
70%
Kansas Wichita
68%
Hawaii Hilo
52%
Indiana Fort Wayne
50%
Iowa Cedar Rapids
48%
Louisiana Shreveport
48%
Louisiana Lafayette
47%
Idaho Idaho Falls
44%
Illinois Aurora
41%
Iowa Iowa City
41%
Indiana South Bend
39%
Illinois Rockford
36%
Iowa Davenport
34%
Illinois Joliet
34%
Kansas Overland park
34%
Indiana Evansville
33%
Iowa Sioux City
32%
Illinois Naperville
30%
Hawaii Pearl City
30%
Kentucky Bowling Green
25%
Idaho Nampa
25%
Idaho Pocatello
25%
Idaho Meridian
20%
Kentucky Owensboro
20%
Kansas Olathe
19%
Indiana Carmel
13%
Kentucky Covington
12%
Hawaii Kailua
11%
Louisiana Lake Charles City
9%
Hawaii Waipahu
4%
No matching quizzes found
Score Distribution
Percent of People with Each Score
Percentile by Number Answered
Your Score History
You have not taken this quiz